000 00226nam a2200097Ia 4500
008 230915s9999 xx 000 0 und d
050 _aQK47.R38R39 C.1
100 _aPETER H. RAVEN
245 0 _aBIOLOGY OF PLANTS
942 _cBK
999 _c192589
_d192589